1950's Rock and Roll - Statistics

General Stats
  • This quiz has been taken 517 times
  • The average score is 6 of 15
Answer Stats
Hint Answer % Correct
Which famous rock 'n' roll artist was nicknamed 'The King'? Elvis Presley
93%
Singers in the Million Dollar Quartet #4 Elvis Presley
75%
When was Elvis Presleys famous 'Jailhouse Rock' released? (Year) 1957
68%
How many times has Jerry Lee Lewis been married? Seven
67%
Singers in the Million Dollar Quartet #2 Jerry Lee Lewis
41%
What was the icon hit from Little Richard on his first album 'Here's Little Richard' in 1957? Tutti Frutti
40%
What is the nickname of star Jerry Lee Lewis? The Killer
36%
Singers in the Million Dollar Quartet #1 Johnny Cash
35%
Singers in the Million Dollar Quartet #3 Carl Perkins
34%
What year was Carl Perkins born? 1932
33%
Who was the first rock 'n' roll artist to enter the charts in Britain in 1955 Bill Haley
30%
How old was the famous Tony Curtis when he passed away? 85 years old
25%
Where was Jerry Lee Lewis born? Ferriday, Louisiana
19%
What is the song Fats Domino sung on his returns home? Walking to New Orleans
8%
What is the first line of 'Great Balls of Fire' by Jerry Lee Lewis? You shake my love and you rattle my brains
0%
No matching quizzes found
Score Distribution
Percent of People with Each Score
Percentile by Number Answered
Your Score History
You have not taken this quiz